UM Logo
Normal view MARC view
  • Jones, C. R.

Entry Personal Name

Number of records used in: 1

001 - CONTROL NUMBER

  • control field: 43118

003 - CONTROL NUMBER IDENTIFIER

  • control field: OSt

005 - DATE AND TIME OF LATEST TRANSACTION

  • control field: 20210412112945.0

008 - FIXED-LENGTH DATA ELEMENTS

  • fixed length control field: 210412|| aca||aabn | a|a d

040 ## - CATALOGING SOURCE

  • Original cataloging agency: OSt
  • Transcribing agency: OSt

100 ## - HEADING--PERSONAL NAME

  • Personal name: Jones, C. R.
  • Relator term: Author.

670 ## - SOURCE DATA FOUND

  • Source citation: Work cat.: (OSt): Pryor, Charles R. 43116, Tax preferences for education are simpler but not simple:, ©2011.